[Event "NRW Class2 1718"]
[Site "Germany"]
[Date "2018.04.08"]
[Round "8.5"]
[White "Osswald, Luis Monty"]
[Black "Rempe, Moritz"]
[Result "0-1"]
[WhiteElo "2094"]
[BlackElo "1998"]
[PlyCount "120"]
[EventDate "2017.09.17"]
[EventType "team-tourn"]
[EventRounds "9"]
[EventCountry "GER"]
[SourceTitle "EXT 2019"]
[Source "ChessBase"]
[SourceDate "2018.10.10"]
[SourceVersion "1"]
[SourceVersionDate "2018.10.10"]
[SourceQuality "1"]
[WhiteTeam "Ennepe Ruhr Sued"]
[BlackTeam "Bochum SG II"]
[WhiteTeamCountry "GER"]
[BlackTeamCountry "GER"]

1. e4 e6 2. Nf3 d5 3. Nc3 Nf6 4. e5 Nfd7 5. d4 c5 6. dxc5 Bxc5 7. Bd3 Nc6 8. Bf4 Qb6 9. 0-0 a6 10. a3 Bd4 11. Qe2 Nc5 12. Nxd4 Nxd3 13. Nxe6 Bxe6 14. Qxd3 0-0-0 15. b4 Qd4 16. Qxd4 Nxd4 17. Rac1 Kb8 18. Be3 Nc6 19. Bb6 Rc8 20. Bc5 b6 21. Bd6+ Kb7 22. Ne2 Rhe8 23. Nf4 Nd4 24. Rfd1 Rc4 25. Kf1 Nxc2 26. b5 axb5 27. Kg1 Rec8 28. Nxd5 Bxd5 29. Rxd5 Nxa3 30. Rcd1 b4 31. R5d3 Nb5 32. Rb3 Nxd6 33. exd6 Rd8 34. Rf3 Rd7 35. Kf1 Kc6 36. Rfd3 Rc3 37. Rxc3+ bxc3 38. Rd3 Rxd6 39. Rxc3+ Kb7 40. Ke2 b5 41. h4 Kb6 42. Rc8 Rd7 43. Rb8+ Kc5 44. Rc8+ Kb4 45. Rb8 Kc4 46. g3 b4 47. Ke3 Kc3 48. Rc8+ Kb2 49. Rb8 b3 50. Ke2 Kc2 51. Rc8+ Kb1 52. Rb8 b2 53. Ra8 Rc7 54. Kd1 Rc1+ 55. Kd2 Rc2+ 56. Kd1 Rxf2 57. Ra7 Rf3 58. Kd2 f6 59. g4 Rf4 60. Re7 Ra4 0-1

[Event "GER-chT U20"]
[Site "Borken"]
[Date "2016.12.29"]
[Round "5.2"]
[White "Hartge, Gedeon"]
[Black "Rempe, Moritz"]
[Result "1-0"]
[WhiteElo "2061"]
[BlackElo "2031"]
[PlyCount "61"]
[EventDate "2016.12.27"]
[EventType "team-swiss"]
[EventRounds "7"]
[EventCountry "GER"]
[SourceTitle "EXT 2018"]
[Source "ChessBase"]
[SourceDate "2017.10.13"]
[SourceVersion "1"]
[SourceVersionDate "2017.10.13"]
[SourceQuality "1"]
[WhiteTeam "Halle USV"]
[BlackTeam "Bochum"]
[WhiteTeamCountry "GER"]
[BlackTeamCountry "GER"]

1. d4 d5 2. c4 e6 3. Nc3 Nf6 4. cxd5 exd5 5. Bg5 Be7 6. e3 c6 7. Bd3 h6 8. Bf4 0-0 9. Qc2 Re8 10. h3 Bd6 11. Bxd6 Qxd6 12. Nf3 Nbd7 13. 0-0-0 a5 14. g4 c5 15. Kb1 c4 16. Bf5 a4 17. h4 h5 18. gxh5 Nf8 19. Bxc8 Rexc8 20. h6 g6 21. h5 Nxh5 22. Rxh5 gxh5 23. Rg1+ Ng6 24. Ne5 Ra6 25. Nxf7 Kxf7 26. Qf5+ Qf6 27. Qxc8 Rd6 28. Qxb7+ Kg8 29. Nxd5 Qf5+ 30. Ka1 Rd7 31. Qxd7 1-0

[Event "Ruhrgebiet Verbandsklasse Gruppe 2 1516"]
[Site "Germany"]
[Date "2015.11.29"]
[Round "4.4"]
[White "Buchholz, Peter"]
[Black "Rempe, Moritz"]
[Result "1-0"]
[WhiteElo "2093"]
[BlackElo "1929"]
[PlyCount "61"]
[EventDate "2015.09.06"]
[EventType "team-tourn"]
[EventRounds "9"]
[EventCountry "GER"]
[SourceTitle "EXT 2022"]
[Source "ChessBase"]
[SourceDate "2021.10.06"]
[SourceVersion "1"]
[SourceVersionDate "2021.10.06"]
[SourceQuality "1"]
[WhiteTeam "Recklinghausen Laeufer Ost"]
[BlackTeam "Bochum SG IV"]
[WhiteTeamCountry "GER"]
[BlackTeamCountry "GER"]

1. e4 e6 2. d4 d5 3. e5 c5 4. c3 Nc6 5. Nf3 Qc7 6. a3 cxd4 7. cxd4 f6 8. exf6 Nxf6 9. Nc3 a6 10. Bg5 Bd6 11. Bd3 Bd7 12. 0-0 0-0-0 13. Rc1 Rdf8 14. b4 Bf4 15. b5 Bxc1 16. Bxf6 gxf6 17. bxc6 Bxa3 18. cxd7+ Qxd7 19. Qb3 Bd6 20. Rc1 Kd8 21. Na4 b5 22. Nc5 Bxc5 23. Rxc5 Rf7 24. g3 Qd6 25. Qa3 Rc7 26. Bxb5 Rg8 27. Bxa6 Rgg7 28. Qa5 Rgf7 29. Bb5 Rf8 30. Rc6 Qd7 31. Ra6 1-0

[Event "Ruhrgebiet Verbandsliga Gruppe 2 1415"]
[Site "Germany"]
[Date "2015.04.26"]
[Round "9.6"]
[White "Rempe, Moritz"]
[Black "Ricken, Roland"]
[Result "1-0"]
[WhiteElo "1816"]
[BlackElo "1852"]
[PlyCount "61"]
[EventDate "2014.09.21"]
[EventType "team-tourn"]
[EventRounds "9"]
[EventCountry "GER"]
[SourceTitle "EXT 2022"]
[Source "ChessBase"]
[SourceDate "2021.10.06"]
[SourceVersion "1"]
[SourceVersionDate "2021.10.06"]
[SourceQuality "1"]
[WhiteTeam "Bochum SG III"]
[BlackTeam "Buer SF"]
[WhiteTeamCountry "GER"]
[BlackTeamCountry "GER"]

1. e4 Nc6 2. d4 d5 3. e5 f6 4. f4 Bf5 5. c3 e6 6. Nf3 Be4 7. Nbd2 f5 8. Ng5 Qd7 9. Ndxe4 fxe4 10. Qg4 Nd8 11. Nxh7 Nh6 12. Qg6+ Ndf7 13. Ng5 0-0-0 14. Nxe6 Re8 15. Nxf8 Rhxf8 16. g4 Re6 17. Qh5 g6 18. Qh4 Rh8 19. Qg3 Rb6 20. Be2 Qa4 21. h4 Nd8 22. h5 Nhf7 23. Rh2 Qc2 24. Bd1 Qd3 25. Qxd3 exd3 26. Kd2 Ne6 27. Kxd3 c5 28. Bf3 c4+ 29. Kc2 Nc7 30. Bd2 gxh5 31. g5 1-0

[Event "Ruhrgebiet Verbandsklasse Gruppe 1 1415"]
[Site "Germany"]
[Date "2015.03.29"]
[Round "8.3"]
[White "Rempe, Moritz"]
[Black "Schiefelbusch, Dirk"]
[Result "0-1"]
[WhiteElo "1879"]
[BlackElo "2047"]
[PlyCount "130"]
[EventDate "2014.09.21"]
[EventType "team-tourn"]
[EventRounds "9"]
[EventCountry "GER"]
[SourceTitle "EXT 2022"]
[Source "ChessBase"]
[SourceDate "2021.10.06"]
[SourceVersion "1"]
[SourceVersionDate "2021.10.06"]
[SourceQuality "1"]
[WhiteTeam "Bochum SG IV"]
[BlackTeam "Dortmund Hansa III"]
[WhiteTeamCountry "GER"]
[BlackTeamCountry "GER"]

1. e4 c6 2. d4 d5 3. e5 Bf5 4. Nf3 e6 5. Be2 Ne7 6. Nh4 Be4 7. Nd2 Nf5 8. Nxf5 Bxf5 9. Nb3 Be7 10. 0-0 0-0 11. Bd3 Bxd3 12. Qxd3 a5 13. a4 Na6 14. Bd2 Nb4 15. Bxb4 axb4 16. a5 b6 17. axb6 Qxb6 18. Qe3 Rfc8 19. f4 g6 20. g3 Kg7 21. Kg2 h5 22. h4 Rxa1 23. Rxa1 c5 24. dxc5 Bxc5 25. Nxc5 Rxc5 26. Qd3 Qc6 27. Rc1 Rc4 28. Kh3 Qc5 29. Kg2 Re4 30. Kf3 Rc4 31. Kg2 Qa7 32. Qd2 Qa2 33. c3 bxc3 34. Rxc3 Rb4 35. Rc2 Rb3 36. Qf2 Qb1 37. f5 gxf5 38. Qd2 Kh7 39. Qe2 Kg6 40. Qd2 Re3 41. Qxe3 Qxc2+ 42. Kh3 Qd1 43. Qg5+ Kh7 44. Kh2 Qe2+ 45. Kg1 Qe1+ 46. Kg2 Qe2+ 47. Kg1 d4 48. Qe7 Qxe5 49. Qxf7+ Kh6 50. Qf8+ Qg7 51. Qd6 Kh7 52. b4 e5 53. Kf2 e4 54. Qf4 e3+ 55. Ke2 Qd7 56. Qg5 Qb5+ 57. Kd1 Qd3+ 58. Kc1 Qc3+ 59. Kb1 Qxb4+ 60. Kc2 Qc4+ 61. Kb2 Qf7 62. Qf4 e2 63. Qd2 Qc4 64. Kb1 Qb3+ 65. Ka1 Qd1+ 0-1

[Event "GER-chT U20"]
[Site "Naumburg Saale"]
[Date "2014.12.28"]
[Round "4.6"]
[White "Groetzbach, Daniel"]
[Black "Rempe, Moritz"]
[Result "1/2-1/2"]
[WhiteElo "1900"]
[BlackElo "1872"]
[PlyCount "110"]
[EventDate "2014.12.27"]
[EventType "team-swiss"]
[EventRounds "7"]
[EventCountry "GER"]
[SourceTitle "EXT 2016"]
[Source "ChessBase"]
[SourceDate "2015.10.08"]
[SourceVersion "1"]
[SourceVersionDate "2015.10.08"]
[SourceQuality "1"]
[WhiteTeam "Hamburger SK"]
[BlackTeam "Bochum"]
[WhiteTeamCountry "GER"]
[BlackTeamCountry "GER"]

1. e4 e6 2. d4 d5 3. Nd2 Nf6 4. e5 Nfd7 5. f4 c5 6. Ngf3 Nc6 7. Nb3 Qb6 8. c3 Be7 9. Be2 cxd4 10. Nfxd4 Nxd4 11. Nxd4 Bc5 12. 0-0 Nb8 13. Kh1 Nc6 14. Nb3 Be7 15. Qd3 Qc7 16. Qg3 g6 17. Be3 Bd7 18. Qf2 h5 19. Rac1 0-0 20. Rg1 Kg7 21. Bd3 Rh8 22. c4 d4 23. Nxd4 Nxd4 24. Bxd4 Bc6 25. Be2 Rhd8 26. Rgd1 b6 27. Bf3 Rd7 28. f5 Bf8 29. Bxc6 Qxc6 30. fxg6 fxg6 31. Rf1 Kh7 32. b3 Bh6 33. Rcd1 Rf8 34. Qe2 Rdf7 35. Rxf7+ Rxf7 36. Bg1 Rd7 37. Rd3 Qc7 38. Rxd7+ Qxd7 39. Qb2 Bf8 40. Qd4 Qxd4 41. Bxd4 g5 42. g3 Kg6 43. Kg2 Kf5 44. Kf3 Be7 45. h3 g4+ 46. hxg4+ hxg4+ 47. Ke3 Bb4 48. Ke2 Ke4 49. Ba1 a6 50. Bb2 Bc5 51. Bc3 a5 52. Bb2 Be7 53. Bc3 Bc5 54. Bb2 Bf8 55. Bc3 Bc5 1/2-1/2

[Event "Dortmund Sparkassen op-A"]
[Site "Dortmund"]
[Date "2014.07.15"]
[Round "4"]
[White "Rempe, Moritz"]
[Black "Michalczak, Thomas"]
[Result "1/2-1/2"]
[WhiteElo "1867"]
[BlackElo "2283"]
[PlyCount "30"]
[EventDate "2014.07.12"]
[EventType "swiss"]
[EventRounds "9"]
[EventCountry "GER"]
[SourceTitle "CBM 161 Extra"]
[Source "ChessBase"]
[SourceDate "2014.08.29"]
[SourceVersion "1"]
[SourceVersionDate "2014.08.29"]
[SourceQuality "1"]

1. e4 e5 2. Nf3 Nf6 3. Nxe5 d6 4. Nf3 Nxe4 5. d4 d5 6. Bd3 Nc6 7. c3 Be7 8. 0-0 0-0 9. Re1 Bf5 10. Bf4 Re8 11. Qc2 Bd6 12. Bg3 Bg6 13. Nbd2 Bxg3 14. hxg3 Nxd2 15. Qxd2 Bxd3 1/2-1/2

[Event "NRW Verbandsliga Group2 1314"]
[Site "Nordrheinwestfalen"]
[Date "2014.02.16"]
[Round "7.7"]
[White "Rempe, Moritz"]
[Black "Schmitz, Juergen"]
[Result "1/2-1/2"]
[WhiteElo "1877"]
[BlackElo "1901"]
[PlyCount "22"]
[EventDate "2013.09.08"]
[EventType "team-tourn"]
[EventRounds "9"]
[EventCountry "GER"]
[SourceTitle "EXT 2020"]
[Source "ChessBase"]
[SourceDate "2019.10.17"]
[SourceVersion "1"]
[SourceVersionDate "2019.10.17"]
[SourceQuality "1"]
[WhiteTeam "Bochum SG III"]
[BlackTeam "Rochade Steele/Kray"]
[WhiteTeamCountry "GER"]
[BlackTeamCountry "GER"]

1. e4 Nf6 2. e5 Nd5 3. c4 Nb6 4. Nc3 e6 5. d4 d6 6. exd6 cxd6 7. Nf3 Be7 8. Bd3 Nc6 9. a3 d5 10. c5 Nd7 11. b4 a6 1/2-1/2

[Event "GER-ch Net final U14"]
[Site "Playchess.com INT"]
[Date "2012.09.15"]
[Round "8"]
[White "Rempe, Moritz"]
[Black "Everett, Elijah David"]
[Result "0-1"]
[WhiteElo "1589"]
[BlackElo "1627"]
[PlyCount "150"]
[EventDate "2012.09.15"]
[EventType "swiss (blitz)"]
[EventRounds "9"]
[EventCountry "GER"]
[SourceTitle "CBM 150 Extra"]
[Source "ChessBase"]
[SourceDate "2012.10.19"]
[SourceVersion "1"]
[SourceVersionDate "2012.10.19"]
[SourceQuality "1"]

1. e4 c6 2. d4 d5 3. e5 Bf5 4. Bd3 Bxd3 5. Qxd3 e6 6. c3 c5 7. Ne2 Nc6 8. f4 cxd4 9. Nxd4 Bc5 10. Nxc6 bxc6 11. Be3 Bxe3 12. Qxe3 Qb6 13. Qxb6 axb6 14. Nd2 Ne7 15. Nb3 Nf5 16. Ke2 0-0 17. g4 Ne7 18. h4 c5 19. Kf3 Ra7 20. h5 Rfa8 21. a3 Ra4 22. Rag1 Rc4 23. Nd2 Rca4 24. g5 b5 25. Nb3 Rc8 26. Nd2 b4 27. axb4 cxb4 28. cxb4 Rxb4 29. Rc1 Rxb2 30. Rxc8+ Nxc8 31. Rc1 Rb8 32. Nb3 Rxb3+ 33. Ke2 Rb8 34. Kd3 Na7 35. Rc7 Nb5 36. Rd7 Na3 37. Kd4 Nc4 38. Kc5 Rc8+ 39. Kb5 Kf8 40. g6 hxg6 41. hxg6 fxg6 42. Ka6 Rc6+ 43. Kb7 Na5+ 44. Kb8 Rb6+ 45. Ka7 Rb4 46. Rd8+ Ke7 47. Rg8 Kf7 48. Rc8 Rxf4 49. Rc7+ Kg8 50. Kb6 Nc4+ 51. Kc5 Rf7 52. Rc8+ Rf8 53. Rc7 Nxe5 54. Kd6 Nc4+ 55. Kxe6 Nb6 56. Rb7 d4 57. Ke5 d3 58. Rxb6 Re8+ 59. Kf4 Rd8 60. Rb1 d2 61. Rd1 Kf7 62. Ke3 Kf6 63. Rxd2 Rxd2 64. Kxd2 Kf5 65. Ke2 Kg4 66. Kf2 g5 67. Kg2 g6 68. Kg1 Kg3 69. Kh1 Kf2 70. Kh2 g4 71. Kh1 g5 72. Kh2 g3+ 73. Kh1 g2+ 74. Kh2 g1Q+ 75. Kh3 Qg3# 0-1

[Event "GER-ch Net qual1 U14"]
[Site "Playchess.com INT"]
[Date "2012.09.01"]
[Round "3"]
[White "Rempe, Moritz"]
[Black "Haeusler, Yannick"]
[Result "1-0"]
[WhiteElo "1537"]
[BlackElo "1247"]
[PlyCount "59"]
[EventDate "2012.09.01"]
[EventType "swiss (blitz)"]
[EventRounds "7"]
[EventCountry "GER"]
[SourceTitle "CBM 150 Extra"]
[Source "ChessBase"]
[SourceDate "2012.10.19"]
[SourceVersion "1"]
[SourceVersionDate "2012.10.19"]
[SourceQuality "1"]

1. e4 c5 2. Nf3 d6 3. d4 cxd4 4. Nxd4 Nf6 5. Nc3 a6 6. Be2 Qc7 7. Be3 b5 8. f3 Bb7 9. Qd2 Nbd7 10. g4 Nc5 11. h4 e6 12. g5 Nfd7 13. Bd3 Be7 14. 0-0-0 b4 15. Nce2 a5 16. Rdg1 Ba6 17. Bxa6 Rxa6 18. h5 e5 19. Nf5 b3 20. Kb1 bxa2+ 21. Kxa2 a4 22. Bxc5 Qxc5 23. Nxg7+ Kd8 24. g6 hxg6 25. hxg6 Rxh1 26. Rxh1 fxg6 27. Ne6+ Kc8 28. Nxc5 Nxc5 29. Rh8+ Kd7 30. Nc3 1-0

[Event "GER-ch U12"]
[Site "Oberhof"]
[Date "2011.06.15"]
[Round "7"]
[White "Rempe, Moritz"]
[Black "Schulte, Felix"]
[Result "1-0"]
[WhiteElo "1784"]
[BlackElo "1573"]
[PlyCount "45"]
[EventDate "2011.06.11"]
[EventType "swiss"]
[EventRounds "11"]
[EventCountry "GER"]
[SourceTitle "CBM 142 Extra"]
[Source "ChessBase"]
[SourceDate "2011.06.27"]
[SourceVersion "1"]
[SourceVersionDate "2011.06.27"]
[SourceQuality "1"]

1. e4 c5 2. Nf3 d6 3. d4 cxd4 4. Nxd4 Nf6 5. Nc3 a6 6. f3 e6 7. Be3 Be7 8. Qd2 0-0 9. 0-0-0 b5 10. g4 Nbd7 11. Nc6 Qe8 12. Nxe7+ Qxe7 13. Qxd6 Qxd6 14. Rxd6 Ne5 15. Be2 Bb7 16. g5 Ne8 17. Rb6 Rb8 18. Bf4 Nd7 19. Bxb8 Nxb6 20. Ba7 Nd7 21. Rd1 Ne5 22. Bc5 Ng6 23. Bxf8 1-0

[Event "GER-ch U12"]
[Site "Oberhof"]
[Date "2011.06.14"]
[Round "5"]
[White "Rempe, Moritz"]
[Black "Kreyssig, Bruno"]
[Result "0-1"]
[WhiteElo "1784"]
[BlackElo "1587"]
[PlyCount "54"]
[EventDate "2011.06.11"]
[EventType "swiss"]
[EventRounds "11"]
[EventCountry "GER"]
[SourceTitle "CBM 142 Extra"]
[Source "ChessBase"]
[SourceDate "2011.06.27"]
[SourceVersion "1"]
[SourceVersionDate "2011.06.27"]
[SourceQuality "1"]

1. e4 c5 2. Nf3 Nc6 3. d4 cxd4 4. Nxd4 Nf6 5. Nc3 d6 6. Bg5 e6 7. Qd2 Be7 8. f4 0-0 9. 0-0-0 e5 10. Nxc6 bxc6 11. fxe5 dxe5 12. Qf2 Qb6 13. Be3 Qb7 14. Bd3 Bg4 15. Rdf1 Rab8 16. b3 a5 17. Qg3 Qb4 18. Qxe5 Nd7 19. Qg3 Qxc3 20. Qxg4 Ne5 21. Qg3 Nxd3+ 22. Kd1 Nb4 23. Rf2 Rbd8+ 24. Ke2 Nxc2 25. Rhf1 Qd3+ 26. Kf3 Qxe3+ 27. Kg4 Qg5+ 0-1

[Event "GER-ch Net qual4 U14"]
[Site "Playchess.com INT"]
[Date "2011.05.11"]
[Round "6"]
[White "Buckels, Valentin"]
[Black "Rempe, Moritz"]
[Result "0-1"]
[WhiteElo "1593"]
[BlackElo "1500"]
[PlyCount "166"]
[EventDate "2011.05.11"]
[EventType "swiss (blitz)"]
[EventRounds "7"]
[EventCountry "GER"]
[SourceTitle "CBM 142 Extra"]
[Source "ChessBase"]
[SourceDate "2011.06.27"]
[SourceVersion "1"]
[SourceVersionDate "2011.06.27"]
[SourceQuality "1"]

1. d4 d5 2. c4 e6 3. Nc3 Nf6 4. Nf3 Be7 5. Bg5 0-0 6. a3 b6 7. e3 h6 8. Bxf6 Bxf6 9. cxd5 exd5 10. Bd3 Be6 11. Bc2 Nd7 12. Qd3 g6 13. 0-0 Bg7 14. Bb3 Nf6 15. Qe2 c6 16. Ne5 Qc7 17. Rac1 Qd6 18. Na2 Rfc8 19. Nd3 Ng4 20. g3 Nf6 21. Nf4 Bg4 22. f3 Be6 23. Nxe6 fxe6 24. Qd3 Kf7 25. Bc2 g5 26. Qg6+ Kg8 27. Rcd1 Qe7 28. e4 Qe8 29. e5 Qxg6 30. Bxg6 Nd7 31. Rc1 c5 32. dxc5 Rxc5 33. Rxc5 bxc5 34. f4 gxf4 35. gxf4 Rb8 36. b4 c4 37. Nc3 Nf8 38. Bb1 d4 39. Ne4 Nd7 40. Nd6 Nb6 41. Ba2 Bf8 42. Nxc4 Nxc4 43. Bxc4 Kf7 44. Rd1 Rd8 45. Kf2 h5 46. f5 Bh6 47. Bxe6+ Ke7 48. Kf3 d3 49. Bc4 d2 50. f6+ Ke8 51. e6 Rc8 52. Bb5+ Kf8 53. e7+ Kf7 54. e8Q+ Rxe8 55. Bxe8+ Kxe8 56. Ke2 Kf7 57. Rxd2 Bxd2 58. Kxd2 Kxf6 59. a4 Ke5 60. b5 Kd5 61. Ke3 Kc4 62. Kf4 Kb4 63. Kg5 Kxa4 64. Kxh5 Kxb5 65. Kg5 a5 66. h4 a4 67. h5 a3 68. Kh6 a2 69. Kh7 a1Q 70. h6 Qa7+ 71. Kg8 Qb8+ 72. Kg7 Qc7+ 73. Kg8 Qd8+ 74. Kg7 Qe7+ 75. Kg8 Qg5+ 76. Kh7 Kc6 77. Kh8 Qxh6+ 78. Kg8 Qe6+ 79. Kh8 Qe7 80. Kg8 Kd6 81. Kh8 Ke6 82. Kg8 Kf6 83. Kh8 Qg7# 0-1

[Event "GER-ch Net qual4 U14"]
[Site "Playchess.com INT"]
[Date "2011.05.11"]
[Round "3"]
[White "Engesser, Jonas"]
[Black "Rempe, Moritz"]
[Result "1-0"]
[WhiteElo "1429"]
[BlackElo "1500"]
[PlyCount "79"]
[EventDate "2011.05.11"]
[EventType "swiss (blitz)"]
[EventRounds "7"]
[EventCountry "GER"]
[SourceTitle "CBM 142 Extra"]
[Source "ChessBase"]
[SourceDate "2011.06.27"]
[SourceVersion "1"]
[SourceVersionDate "2011.06.27"]
[SourceQuality "1"]

1. e4 e6 2. d4 d5 3. exd5 exd5 4. Nf3 Bd6 5. c4 c6 6. Nc3 Ne7 7. Bd3 dxc4 8. Bxc4 b5 9. Bb3 a5 10. 0-0 a4 11. Bc2 Bf5 12. Bg5 Bxc2 13. Qxc2 f6 14. Bh4 0-0 15. Ne4 Bc7 16. Nc5 Nd7 17. Ne6 Qe8 18. Nxc7 Qc8 19. Nxa8 Qxa8 20. Rfe1 Ng6 21. Qf5 Nxh4 22. Qxd7 Nxf3+ 23. gxf3 Rd8 24. Qe6+ Kh8 25. Re4 h6 26. Rae1 Qb7 27. Qe7 Qc8 28. Qe8+ Rxe8 29. Rxe8+ Qxe8 30. Rxe8+ Kh7 31. Rc8 b4 32. Rxc6 Kg6 33. Rb6 Kf5 34. Rxb4 Kf4 35. Rxa4 Kxf3 36. d5 g5 37. d6 h5 38. d7 f5 39. d8Q g4 40. Qd3# 1-0

[Event "GER-ch Net qual3 U14"]
[Site "Playchess.com INT"]
[Date "2011.05.08"]
[Round "7"]
[White "Fistoul, Boris"]
[Black "Rempe, Moritz"]
[Result "1/2-1/2"]
[WhiteElo "1460"]
[BlackElo "1577"]
[PlyCount "157"]
[EventDate "2011.05.08"]
[EventType "swiss (blitz)"]
[EventRounds "7"]
[EventCountry "GER"]
[SourceTitle "CBM 142 Extra"]
[Source "ChessBase"]
[SourceDate "2011.06.27"]
[SourceVersion "1"]
[SourceVersionDate "2011.06.27"]
[SourceQuality "1"]

1. d4 d5 2. c4 e6 3. cxd5 exd5 4. Nc3 Nf6 5. Bg5 Be7 6. e3 0-0 7. Bd3 h6 8. Bh4 c6 9. Qc2 b6 10. Nge2 Ba6 11. Bf5 Nbd7 12. 0-0 Ne8 13. Bg3 Bd6 14. Rfe1 Bxg3 15. Nxg3 Nd6 16. Bh3 Bb7 17. Nf5 Nxf5 18. Bxf5 Re8 19. f3 Nf6 20. Rad1 Re7 21. e4 dxe4 22. fxe4 g6 23. Bh3 Qe8 24. e5 Nd5 25. Nxd5 cxd5 26. Qf2 Bc8 27. Bxc8 Rxc8 28. Rc1 Rxc1 29. Rxc1 Qd8 30. Qh4 h5 31. Rf1 Rd7 32. Qxd8+ Rxd8 33. Rc1 Kf8 34. Rc7 Ke8 35. Rxa7 Rc8 36. b3 Rc1+ 37. Kf2 Rc2+ 38. Kg3 Rd2 39. Ra4 b5 40. Rb4 Rxa2 41. Rxb5 Rb2 42. Rb7 Rd2 43. Rb4 Rd3+ 44. Kf4 Rd2 45. Kf3 Kd7 46. h4 Rd3+ 47. Ke2 Rg3 48. Kf2 Rd3 49. Rb7+ Ke6 50. b4 Rxd4 51. b5 Rf4+ 52. Ke3 Kxe5 53. Rb8 Rb4 54. b6 Kd6 55. b7 Kc7 56. Rf8 Rxb7 57. Rxf7+ Kc6 58. Rf6+ Kc5 59. Rxg6 Rb3+ 60. Kf2 Rb2+ 61. Kg3 Rb3+ 62. Kh2 Rb4 63. g3 Rb2+ 64. Kh3 d4 65. Rg5+ Kc4 66. Rxh5 d3 67. Rh8 d2 68. Rd8 Kc3 69. h5 Rb1 70. h6 d1Q 71. Rxd1 Rxd1 72. Kg4 Rh1 73. Kg5 Kd4 74. Kg6 Ke5 75. g4 Kf4 76. h7 Kxg4 77. Kg7 Kg5 78. h8Q Rxh8 79. Kxh8 1/2-1/2